000 00202 a2200097 4500
020 _a9780060872236
041 _aspa
100 _aHenkes, Kevin
245 _aLa primera luna llena de gatita
942 _cBK
999 _c11199
_d11199